El siglo XVIII: Europa en la época de la ilustración

Shranjeno v:
Bibliografske podrobnosti
Glavni avtor: Cobban, Alfred (Author)
Format: Knjiga
Jezik:španščina
Izdano: Barcelona Labor 1974
Izdaja:2a. ed
Teme:
Oznake: Označite
Brez oznak, prvi označite!

MARC

LEADER 00000nam a2200000 a 4500
001 UCO0300
003 CL-VaPUC
008 000420e19740000SP |||||||||||||||||spa|d
082 0 4 |a 940.253  |b COB  |2 21 
100 0 |a Cobban, Alfred  |e author  |9 441486 
245 1 3 |a El siglo XVIII: Europa en la época de la ilustración 
250 |a 2a. ed 
300 |a 362 p 
942 |c BK 
945 |d 20000420 00:00:00  |a rherrera 
260 |a Barcelona  |b Labor  |c 1974 
650 7 |a HISTORIA DE EUROPA SIGLO 18  |2 CL-VaPUC  |9 317250 
650 0 |a Historia moderna  |9 268036 
650 0 |a Ilustración   |9 313124 
651 0 |a Europa  |9 255156 
583 |a last modification  |c 20160826 11:19:41  |k Rodrigo Vera 
999 |c 287013  |d 287011 
952 |0 0  |1 0  |4 0  |6 940_253000000000000_COB_1974  |7 0  |8 X  |9 333387  |a BIBHIS  |b BIBHIS  |d 2019-11-20  |i 1264370  |l 1  |o 940.253 COB 1974  |p 1264370  |r 2024-01-30  |s 2022-06-20  |w 2019-11-20  |y BK_X  |k HIS